Two 5-Letter Words That Fit Quiz Stats

 Plays Quiz Updated May 30, 2015

Challenge
Share
Tweet
Embed
Score 0/30 Timer 06:00
4 Plays Today
Hint Answer % Correct
P _ U _ HPLUSH
84.4%
F _ I _ KFLICK
82.7%
R _ D _ ORADIO
80.7%
R _ D _ ORODEO
80.4%
B _ I _ DBLIND
77.4%
M _ T _ LMETAL
77.2%
G _ N _ EGENIE
73.8%
M _ T _ LMOTEL
70.7%
T _ U _ TTRUST
70.5%
W _ A _ EWHALE
64.9%
I _ O _ YIVORY
62.8%
C _ C _ ECACHE
54.3%
A _ E _ DAMEND
54.2%
D _ A _ TDRAFT
53.8%
K _ O _ KKIOSK
52%
Hint Answer % Correct
F _ I _ KFRISK
51.7%
S _ O _ FSCOFF
50.3%
N _ R _ ENURSE
49.4%
I _ O _ YIRONY
48.8%
B _ I _ DBUILD
48.7%
C _ C _ ECYCLE
43%
S _ O _ FSPOOF
42.1%
P _ U _ HPOUCH
40.6%
D _ A _ TDEALT
39.3%
N _ R _ ENERVE
39.1%
K _ O _ KKNOCK
39%
A _ E _ DAHEAD
37.6%
W _ A _ EWEAVE
37.6%
T _ U _ TTAUNT
33.6%
G _ N _ EGENRE
28.6%

You're not logged in!

Compare scores with friends on all Sporcle quizzes.
Join for Free
OR
Log In

You Might Also Like...

Show Comments

Extras

Top Quizzes Today


Score Distribution

Your Account Isn't Verified!

In order to create a playlist on Sporcle, you need to verify the email address you used during registration. Go to your Sporcle Settings to finish the process.

Report this User

Report this user for behavior that violates our Community Guidelines.

Details: